Statistics for Romeo Montague - Portrayals by Picture

Click here to take the quiz!

General Stats

  • This quiz has been taken 3 times
  • The average score is 2 of 18

Answer Stats

Answer% Correct
Leonardo DiCaprio
100%
Orlando Bloom
33%
Richard Madden
33%
Antoni Cimolino
0%
Christopher Neame
0%
Douglas Booth
0%
Francis X. Bushman
0%
Harry Hilliard
0%
Hywel Bennett
0%
Jonathan Firth
0%
Josh O'Connor
0%
Laurence Harvey
0%
Leonard Whiting
0%
Leslie Howard
0%
Linus Roache
0%
Patrick Ryecart
0%
Sam Tutty
0%
Serge Reggiani
0%

Score Distribution

Percentile by Number Answered

Percent of People with Each Score

Your Score History

You have not taken this quiz